000 00437nam a2200169Ia 4500
008 210323s9999||||xx |||||||||||||| ||und||
020 _a423 44180 9
040 _cSTCPL
041 _hENG
082 _a820.9
_bOSB-L
100 _aOsbornes John
245 0 _aNotes on john osbornes luther
260 _aNew Delhi
_bMethuen & Co.
_c1969
300 _ap- 50 21CM
650 _aGeneralലേഖനങ്ങള്‍
942 _cBK
999 _c30069
_d30069